<?xml version="1.0" encoding="UTF-8"?>
<record
    xmlns:xsi="http://www.w3.org/2001/XMLSchema-instance"
    xsi:schemaLocation="http://www.loc.gov/MARC21/slim http://www.loc.gov/standards/marcxml/schema/MARC21slim.xsd"
    xmlns="http://www.loc.gov/MARC21/slim">

  <leader>01316nam a22002177a 4500</leader>
  <controlfield tag="008">121127t        xxu||||| |||| 00| 0 eng d</controlfield>
  <datafield tag="020" ind1=" " ind2=" ">
    <subfield code="a">1855213435</subfield>
  </datafield>
  <datafield tag="050" ind1=" " ind2=" ">
    <subfield code="a">HD70.E7M36</subfield>
  </datafield>
  <datafield tag="245" ind1=" " ind2=" ">
    <subfield code="a">Management reform in Eastern and Central Europe: use of pre-communist cultures. /</subfield>
    <subfield code="c">edited by Magoroh Maruyama</subfield>
  </datafield>
  <datafield tag="250" ind1=" " ind2=" ">
    <subfield code="a">1st ed.</subfield>
  </datafield>
  <datafield tag="260" ind1=" " ind2=" ">
    <subfield code="a">Hong Kong:</subfield>
    <subfield code="b">Great Britain,</subfield>
    <subfield code="c">1993.</subfield>
  </datafield>
  <datafield tag="300" ind1=" " ind2=" ">
    <subfield code="a">xi,180 p.:</subfield>
    <subfield code="c">24cm.</subfield>
  </datafield>
  <datafield tag="500" ind1=" " ind2=" ">
    <subfield code="a">Includes index.</subfield>
  </datafield>
  <datafield tag="505" ind1=" " ind2=" ">
    <subfield code="a">Contents: Cultural impact of the post-Perestroika period on Russian economic reforms -- Polish traditions and perspectives of post-socialist reforms -- Reforms in Czechoslovakia: Traditions or comopolitanism -- Crimes of the functionaries: Bribery, extortion and favouritisim -- The Long road from serfdom and how to shorten it -- From socialism to capitalism: The effects of Hungarian human resources practices -- Person-based reward systems: Reward practices in reform-communist organization -- Survival, adaptive and and maladaptive strategies, and pitsfalls in management transfer: Lessons from other parts of the world and their use in management reform in Central and Eastern Europe.</subfield>
  </datafield>
  <datafield tag="650" ind1=" " ind2=" ">
    <subfield code="a">Management</subfield>
  </datafield>
  <datafield tag="650" ind1=" " ind2=" ">
    <subfield code="a">Europe, Eastern. </subfield>
  </datafield>
  <datafield tag="650" ind1=" " ind2=" ">
    <subfield code="a">Europe, Central</subfield>
  </datafield>
  <datafield tag="650" ind1=" " ind2=" ">
    <subfield code="a">Post-communism</subfield>
  </datafield>
  <datafield tag="700" ind1=" " ind2=" ">
    <subfield code="a">Maruyama, Magoroh.</subfield>
  </datafield>
  <datafield tag="942" ind1=" " ind2=" ">
    <subfield code="2">lcc</subfield>
    <subfield code="c">BK</subfield>
  </datafield>
  <datafield tag="999" ind1=" " ind2=" ">
    <subfield code="c">2594</subfield>
    <subfield code="d">10094</subfield>
  </datafield>
  <datafield tag="952" ind1=" " ind2=" ">
    <subfield code="0">0</subfield>
    <subfield code="1">0</subfield>
    <subfield code="2">lcc</subfield>
    <subfield code="4">0</subfield>
    <subfield code="7">0</subfield>
    <subfield code="a">WIUC-1</subfield>
    <subfield code="b">WIUC-1</subfield>
    <subfield code="c">REF</subfield>
    <subfield code="d">2012-11-27</subfield>
    <subfield code="l">0</subfield>
    <subfield code="o">HD70.E7M36</subfield>
    <subfield code="p">6449/12</subfield>
    <subfield code="r">2012-11-27 00:00:00</subfield>
    <subfield code="t">1</subfield>
    <subfield code="w">2012-11-27</subfield>
    <subfield code="y">BK</subfield>
  </datafield>
</record>
